| 000 | 01526nam a22003137a 4500 | ||
|---|---|---|---|
| 005 | 20081003124743.0 | ||
| 008 | 081003t xxu||||| |||| 00| 0 hin d | ||
| 010 | _aHIN-84273 | ||
| 020 |
_c42.00 _a8177097792 |
||
| 035 | _aHN-56619 | ||
| 037 | _bDBAD / PUB | ||
| 040 |
_aDPL _bHN |
||
| 082 | _a574 | ||
| 245 |
_aनवीन हाई स्कूल जीवविज्ञान / _cविवेकानंद बनर्जी...[आदि] |
||
| 246 |
_aNaviin high school jiivvigyan _bby Vivekanand Banerjee |
||
| 250 | _a2रा संस्क | ||
| 260 |
_aपटना _bभारती भवन _c2007 |
||
| 270 |
_aठाकुरबाड़ी रोड, कदमकुआँ _bपटना _e800003 |
||
| 300 |
_av,210पृ _b22सेमी (अजिल्द) |
||
| 500 | _aकेवल भाग-1 उपलब्ध है । | ||
| 650 | _aजीवविज्ञान | ||
| 650 | _aBiology | ||
| 700 | _aवर्मा, गोपालकृष्ण | ||
| 700 | _aसाहा, एल.सी. | ||
| 700 | _aश्रीवास्तव, सुधीर कुमार | ||
| 942 |
_2ddc _cHN _mबनर्जी _h574 |
||
| 999 |
_c16194 _d16194 |
||